| 000 | 00656pam a2200217 a 4500 | ||
|---|---|---|---|
| 020 | _a0849367301 (v. 1) | ||
| 020 | _a084936731X (v. 2.) | ||
| 040 | _cDLC | ||
| 082 | 0 | 0 | _a616 CRC 1988 A046 Or. |
| 245 | 0 | 0 |
_aPolycyclic aromatic hydrocarbon carcinogenesis : _bstructure-activity relationships / |
| 260 |
_aBoca Raton, Fla. : _bCRC Press, _cc1988. |
||
| 300 |
_a2 v. : _bill. ; _c27 cm. |
||
| 650 | 0 | _aPolycyclic aromatic hydrocarbons | |
| 650 | 0 | _aCarcinogenesis. | |
| 650 | 2 | _aNeoplasms | |
| 650 | 2 | _aPolycyclic Hydrocarbons | |
| 650 | 2 | _aStructure-Activity Relationship. | |
| 700 | 1 | _aYang, Shen K., | |
| 700 | 1 | _aSilverman, B. D. | |
| 942 | _cEK | ||
| 999 |
_c13644 _d13644 |
||